000 01573cam a22002054a 4500
005 20250605164328.0
008 250528s ||||||||||||||||||||||||d
035 _a23134
020 _a9600220026
040 _aGR-AtMCL
_bgre
_dGR-AtMCL
_eAACR2
245 1 _aΜέθοδοι Έρευνας στην Ειδική Αγωγή / Θεωρία και Εφαρμογές
260 _bΠαπαζήση,
_c2006
300 _a406
520 _aΕισαγωγή, Τα Κυριότερα Ερευνητικά Παραδείγματα στις Κοινωνικές Επιστήμες, Εφαρμογές των Κύριων Επιστημιονικών Παραδειγμάτων στον Τομέα της Ειδικής Αγωγής, Η Επισκόπηση της Βιβλιογραφίας: Σκοποί και Διαδικασίες, Η Δημιουργία Ερευνητικού Πλάνου και Σχεδίου, Δημοσκοπήσεις, Πειραματικές Έρευνες, Συνεντεύξεις, Παρατηρήσεις, Ανάλυση Γραπτών Πηγών και Ντοκουμέντων, Μελέτες Περίπτωσης ή Περιπτώσεων, Η Συγγραφή μιας Ερευνητικής Εισήγησης (Πρότασης), Η Συγγραφή μιας Ολοκληρωμένης Έρευνας, Ξένη και Ελληνική Βιβλιογραφία, Γλωσσάριο.
700 1 _aΑβραμίδης Ηλίας
_98699
700 1 _aΚαλύβα Ευφροσύνη
_98700
942 _cBK
999 _c8164
_d8164